000 00714nam a2200229 u 4500
005 20240925064707.0
008 091021s2005 r 000 0 eng d
020 _a9505181884
035 _aUPN01000173352
049 _aCG
050 4 _aHM851
_bL3.2
100 1 _aLash, Scott
245 1 0 _aCrítica de la información /
_cScott Lash ; tr. Horacio Pons.
260 _aBuenos Aires :
_bAmorrortu,
_c2005.
300 _a380 p.
440 0 _aBiblioteca de sociología
534 _pTraducción de:
_tCritique of information
650 4 _aSociedad de la información
_94894
650 4 _aTecnología de la información
_xAspectos sociales
_96036
650 4 _aPoder (Ciencias sociales)
_91203
905 _aLibro
999 _c145456
_d145456